000 00718nam a2200253 i 4500
001 42594
003 ES-MaACL
005 20230906160637.0
007 t|
008 030407s1996 ve ||||1| spa d
020 _a980-01-0865-3
080 _a82.09
100 1 _aTodorov, Tzvetan.
_9110413
245 1 4 _aLos géneros del discurso /
_cTzvetan Todorov ; traducción Jorge Romero León.
250 _a1ª ed.
260 _aCaracas :
_bMonte Avila,
_c1996.
300 _a340 p. ;
_c20 cm.
490 1 _aEstudios
650 _aLiteratura-
_xHistoria y crítica.
_914489
700 1 _aRomero León, Jorge.
_999402
830 0 _aEstudios
_9177349
852 _aES-MaACL
_jL-26205
_bR.131394
999 _c42594
_d42594